000 00737nam a22002657a 4500
001 4008
003 FISKH
005 20240530094624.0
008 240530b cb ||||| |||| 00| 0 eng d
020 _a9780449702543
040 _aFISKH
_beng
_cFISKH
_dFISKH
050 _aPZ7.V874
082 _a813.54
100 _aVoigt Cynthia
_d1942-
245 _aHomecoming /
_cCynthia Voigt
260 _aNew York :
_bFawcett Juniper,
_c1982
300 _a372 pages :
_c18 cm
505 _aM
520 _aAbandoned by their mother, four children begin a search for a home and an identity.
521 8 _a630
_bLexile
521 8 _aM
_bRaz-Plus
700 _aCynthia Voigt
942 _2ddc
_cBK
_n0
999 _c4008
_d4008